[Event "Yingmei CHN-chT 2018"]
[Site "Guangdong"]
[Date "2018.11.30"]
[Round "22"]
[White "Cheparinov, Ivan"]
[Black "Lou, Yiping"]
[Result "0-1"]
[WhiteElo "2715"]
[BlackElo "2483"]
[Annotator "TA"]
[PlyCount "160"]
[EventDate "2018.07.09"]
[EventType "team-tourn"]
[EventCountry "CHN"]
[SourceTitle "playchess.com"]
[Source "ChessBase"]
[SourceQuality "1"]

{[%evp 22,160,20,17,19,19,33,33,40,44,53,47,52,-13,-10,-8,0,0,-10,-64,-55,-40,-52,-47,-70,-87,-66,-47,-46,-45,-55,-45,-52,-135,-47,-47,-25,-88,-87,-79,-88,-75,-68,-92,-79,-82,-46,-84,-82,-121,-66,-76,-67,-33,-38,-256,-256,-416,-398,-393,-395,-397,-370,-356,-333,-371,-349,-415,-394,-370,-381,-459,-451,-441,-447,-443,-437,-404,-387,-396,-324,-324,-324,-396,-312,-305,-305,-387,-452,-420,-406,-417,-419,-499,-445,-499,-491,-491,-484,-484,-477,-470,-464,-477,-477,-470,-465,-2148,-1995,-2415,-1741,-4610,-4394,-1777,-2523,-1372,-953,-29968,-29964,-29968,-29964,-29972,-29972,-29978,-29979,-29978,-8171,-29975,-29976,-29974,-29976,-29984,-29984,-29986,-29985,-29986,-29986,-29986,-29987,-29987,-29985]} 1. e4 e5 2. Nf3 Nc6 3. Bc4 Bc5 4. c3 Nf6 5. d3 d6 6. O-O O-O 7. Re1 Ne7 {C54: Giuoco Piano: 4 c3 Nf6, main lines with 5 d4 and 5 d3} 8. Nbd2 Bb6 9. Nf1 Ng6 10. Ng3 c6 11. Bb3 h6 12. h3 {LiveBook: 30 Games} Re8 13. d4 Qc7 14. Be3 Be6 15. Bc2 {[#]} Rad8 $146 16. Qc1 Bc8 17. Bxh6 ({White should try} 17. a4 $14) 17... gxh6 $11 18. Qxh6 {Hoping for dxe5.} Qe7 $1 {[%cal Re7f8]} 19. Bb3 $1 d5 $1 20. dxe5 (20. exd5 $11 Qf8 21. Qg5) 20... Nxe5 $15 21. Qg5+ Kh8 {And now ...Nxf3+ would win.} 22. exd5 $1 Nxf3+ 23. gxf3 Qxe1+ 24. Rxe1 Rxe1+ 25. Kg2 Nh7 $1 {[%cal Rh7g5]} ({Avoid the trap} 25... Nxd5 $2 26. Qh6+ Kg8 27. Nh5 $18) 26. Qh5 Rg8 {...Re2 is the strong threat.} 27. f4 (27. dxc6 $15 Rg7 28. Bxf7) 27... cxd5 ({Black should play} 27... Rg7 $17 {Strongly threatening ...cxd5.} 28. dxc6 Kg8) 28. Bxd5 Be6 29. Bxe6 (29. c4 $11) 29... fxe6 $17 30. Kf3 Rf8 {aiming for ...Bc7.} 31. Ne4 Bd8 32. Qe5+ {[#]} Bf6 $1 {[%cal Rf6e5]} 33. Qxe6 {[#]} Bxc3 $1 {[%mdl 512]} 34. Qd6 (34. bxc3 Ng5+) 34... Bg7 ({Worse is} 34... Bxb2 35. Qb4 $16) 35. h4 Rc1 (35... Rh1 $17 36. Ng5 Nf6) 36. Ng5 Rc6 37. Qd3 {[%csl Gg5][%cal Rd3h7]} Rh6 38. Nxh7 $2 (38. Kg3 $15) 38... Rxh7 $19 39. Qb5 $2 (39. b3 {might work better.}) 39... Rxh4 40. Qxb7 Rhxf4+ 41. Ke3 Bd4+ 42. Kd3 Bxf2 43. b4 Bb6 44. Qh1+ Kg7 45. Qg2+ Kf6 46. Kc3 Rc8+ 47. Kb3 Rcc4 48. a3 Rce4 49. Ka4 Re3 50. Qc6+ Kg5 51. Qd5+ Rf5 52. Qg2+ Kf4 53. Qh2+ Ke4 54. Qc2+ Ke5 55. Qh2+ Kd5 56. Qa2+ Kd6 57. Qh2+ Ree5 58. Qh6+ Kc7 59. Qh7+ Kb8 60. Qh8+ Kb7 61. Qh1+ Rd5 62. Qh7+ Bc7 63. Qh1 a6 64. Qe4 (64. Kb3 $142) 64... Rfe5 65. Qh1 Kb8 66. Qh8+ Rd8 67. Qf6 Kb7 68. Qf3+ Red5 69. Qh1 Ka7 70. Qe4 R8d7 71. Qe3+ Bb6 72. Qe6 Rd3 73. Qf5 R3d4 (73... Be3 $142 74. Qg6 Rc3 75. Qe8 Rdc7 76. Qe5 Bb6 77. Qd5 Re3 78. Qg2 Rcc3 79. Qg7+ Bc7 80. Qd4+ Bb6 81. Qg7+ Bc7 82. Qd4+ Kb8 83. Qh8+ Kb7 84. Qh1+ Kb6 85. Qa1 Be5 86. Qa2 Bg7 87. Qb2 Rcd3 88. Qc1 Bd4 89. Qc7+ Kxc7 90. b5 Re4 91. bxa6 Bg1+ 92. Kb5 Rd5#) 74. Qh3 Re7 {Black mates.} 75. Qf5 Rde4 76. Qd5 Re3 77. Qg5 Rc7 78. Qf6 Rcc3 {[%csl Ge3][%cal Rc3a3]} 79. Qg7+ Bc7 {[%csl Ge3][%cal Rc3a3]} 80. Qd4+ Kb8 {Accuracy: White = 36%, Black = 76%.} 0-1

[Event "Yingmei CHN-chT 2018"]
[Site "Guangdong"]
[Date "2018.11.30"]
[Round "22"]
[White "Li, Chao b"]
[Black "Bu, Xiangzhi"]
[Result "1/2-1/2"]
[WhiteElo "2715"]
[BlackElo "2712"]
[Annotator "RC"]
[PlyCount "65"]
[EventDate "2018.07.09"]
[EventType "team-tourn"]
[EventCountry "CHN"]
[SourceTitle "playchess.com"]
[Source "ChessBase"]
[SourceQuality "1"]
[TimeControl "5400+30"]

1. c4 {[%emt 0:00:00]} Nf6 {[%emt 0:00:11]} 2. Nc3 {[%emt 0:00:00]} e5 {[%emt 0:00:24]} 3. g3 {[%emt 0:00:23]} Bb4 {[%emt 0:00:31]} 4. Bg2 {[%emt 0:00:21]} O-O {[%emt 0:00:14]} 5. Nf3 {[%emt 0:00:28]} Re8 {[%emt 0:01:00]} 6. O-O {[%emt 0:00:56]} e4 {[%emt 0:04:00]} 7. Nd4 {[%emt 0:01:16]} Nc6 {[%emt 0:01:52]} 8. Nc2 {[%emt 0:00:48]} Bxc3 {[%emt 0:02:54]} 9. bxc3 {[%emt 0:00:22]} d5 {[%emt 0:02:36]} 10. cxd5 {[%emt 0:00:37]} Qxd5 {[%emt 0:01:08]} 11. Ne3 {[%emt 0:02:46]} Qh5 {[%emt 0:02:49]} 12. f3 {[%emt 0:01:31]} exf3 {[%emt 0:01:29]} 13. exf3 {[%emt 0:10:31]} Ne7 {[%emt 0:06:22]} 14. f4 {[%emt 0:04:45]} Qxd1 {[%emt 0:04:27]} 15. Rxd1 {[%emt 0:00:06]} Nf5 {[%emt 0:00:11]} 16. Rb1 {[%emt 0:02:37]} Nxe3 {[%emt 0:06:28]} 17. dxe3 {[%emt 0:00:31]} h5 {[%emt 0:00:07]} 18. Rd4 {[%emt 0:05:57]} c5 {[%emt 0:01:35]} 19. Rd6 {[%emt 0:08:38]} Ne4 {[%emt 0:00:55]} 20. Bxe4 {[%emt 0:00:26]} Rxe4 {[%emt 0:00:02]} 21. Rd8+ {[%emt 0:02:36]} Kh7 {[%emt 0:00:04]} 22. Rd5 {[%emt 0:00:44]} g6 {[%emt 0:01:03]} 23. Rxc5 {[%emt 0:00:32]} b6 {[%emt 0:00:10]} 24. Rc7 {[%emt 0:00:56]} Be6 {[%emt 0:00:03]} 25. Rb4 {[%emt 0:00:11]} Rxb4 {[%emt 0:00:06]} 26. cxb4 {[%emt 0:00:02]} Bxa2 {[%emt 0:00:49]} 27. e4 {[%emt 0:00:31]} a5 {[%emt 0:00:19]} 28. bxa5 {[%emt 0:00:08]} bxa5 {[%emt 0:00:07]} 29. Be3 {[%emt 0:00:23]} a4 {[%emt 0:00:06]} 30. Ra7 {[%emt 0:00:07]} Rxa7 {[%emt 0:00:02]} 31. Bxa7 {[%emt 0:00:04]} a3 {[%emt 0:00:04]} 32. Bc5 {[%emt 0:00:04]} Bb1 {[%emt 0:00:03]} 33. Bxa3 {[%emt 0:00:02]} 1/2-1/2

[Event "Yingmei CHN-chT 2018"]
[Site "Guangdong"]
[Date "2018.11.30"]
[Round "22"]
[White "Inarkiev, Ernesto"]
[Black "Zhou, Weiqi"]
[Result "1-0"]
[WhiteElo "2691"]
[BlackElo "2597"]
[Annotator "TA"]
[PlyCount "69"]
[EventDate "2018.07.09"]
[EventType "team-tourn"]
[EventCountry "CHN"]
[SourceTitle "playchess.com"]
[Source "ChessBase"]
[SourceQuality "1"]

{[%evp 23,69,46,60,46,46,51,56,58,60,34,42,64,95,55,66,55,52,60,171,171,416,356,312,277,506,366,343,286,296,287,386,373,363,365,360,379,374,352,392,391,776,757,12837,12837,29979,12843,29988,12837]} 1. e4 c5 2. Nf3 d6 3. d4 cxd4 4. Nxd4 Nf6 5. Nc3 Nc6 6. Bg5 e6 7. Qd2 a6 8. O-O-O Bd7 9. f4 h6 10. Bh4 b5 11. Bxf6 {B67: Sicilian: Richter-Rauzer: 7...a6 8 0-0-0 Bd7, lines without 9 f4 Be7} gxf6 12. f5 Qb6 {LiveBook: 4 Games} 13. Nxc6 {White is slightly better.} (13. fxe6 fxe6 14. Nxc6 Qxc6 15. Bd3 h5 16. Kb1 b4 17. Ne2 Qc5 18. Rhf1 Bh6 {1-0 (42) Karjakin,S (2760)-Caruana,F (2794) Moscow 2016}) 13... Bxc6 14. fxe6 fxe6 15. Bd3 h5 {[#] ...Bh6 is the strong threat.} 16. Kb1 Qc5 17. Rhf1 {[#]} Rh6 $146 ({Predecessor:} 17... Bg7 18. Ne2 O-O-O 19. Nf4 Rde8 20. Qe2 Kb8 21. c3 Bb7 22. Bc2 {½-½ (21) Keller,P (2319)-Jankovic,A (2548) Germany 2016}) 18. e5 dxe5 19. Ne4 Qe7 20. Qc3 Rc8 (20... Bxe4 $14 21. Bxe4 Rd8) 21. Be2 $18 Bd7 $2 (21... Bb7 22. Nxf6+ Qxf6 23. Rxf6 Rxc3 24. Rxh6 Bxh6 25. Bxh5+ (25. bxc3 Bxg2 26. Bxh5+ Ke7 $16) 25... Ke7 26. bxc3 Bxg2) 22. Qa5 Kf7 23. Qxa6 (23. Rxd7 Qxd7 24. Qxa6 Qc6 $17) 23... Rc6 $2 (23... Kg7 {was called for.} 24. Qb7 (24. Bxb5 Rc7 $16) 24... Rd8) 24. Qxb5 f5 {Black hopes to continue with ...Kg8.} 25. Qb3 {Threatens to win with Rxf5+.} ({Resist} 25. Qxe5 Kg8 $18) 25... Kg7 26. Bb5 Be8 27. Qg3+ Rg6 28. Qxe5+ Kh7 {Strongly threatening ...Bg7.} 29. Bxc6 Bxc6 30. Nd6 Bxg2 31. Rg1 Qc7 $2 (31... Bg7 32. Qe2 Qf6) 32. Qe2 Qc6 33. Qxh5+ Bh6 34. Nf7 Qf3 {[#]} 35. Qxh6+ {Accuracy: White = 85%, Black = 31%.} (35. Ng5+ $142 $1 Rxg5 36. Rd7+ Rg7 37. Rxg7+ Kxg7 38. Qxf3 Kf6 39. Qxg2 Ke5 40. Qg3+ f4 41. Qg6) 1-0

[Event "Yingmei CHN-chT 2018"]
[Site "Guangdong"]
[Date "2018.11.30"]
[Round "22"]
[White "Maghsoodloo, Parham"]
[Black "Xu, Xiangyu"]
[Result "0-1"]
[WhiteElo "2689"]
[BlackElo "2577"]
[Annotator "TA"]
[PlyCount "86"]
[EventDate "2018.07.09"]
[EventType "team-tourn"]
[EventCountry "CHN"]
[SourceTitle "playchess.com"]
[Source "ChessBase"]
[SourceQuality "1"]

{[%evp 20,86,21,21,37,8,26,1,13,13,25,11,47,22,26,27,33,29,32,31,42,40,44,43,46,33,37,0,0,2,13,0,8,0,0,0,0,0,0,0,9,0,0,0,-6,-16,-18,-33,0,-25,-16,-277,-312,-303,-273,-327,-305,-293,-85,-311,-285,-570,-570,-29989,-29990,-29990,-850,-29994,-29995]} 1. e4 e5 2. Nf3 Nf6 3. Nxe5 d6 4. Nf3 Nxe4 5. Qe2 Qe7 6. d3 Nf6 7. Bg5 Qxe2+ 8. Bxe2 Be7 9. Nc3 c6 10. O-O-O Na6 11. Rde1 {LiveBook: 12 Games. C42: Petroff Defence: 3 Nxe5 and unusual White 3rd moves} h6 12. Bd2 Nc7 13. h3 $146 {White has an edge.} ({Predecessor:} 13. Bd1 Bd7 14. h3 Ne6 15. Nh4 O-O-O 16. f4 Rhe8 17. Nf3 Bf8 18. g4 Nc7 {½-½ (42) Ponomariov,R (2681)-Bu,X (2712) Batumi 2018}) 13... O-O 14. Bd1 Re8 15. g4 Nfd5 16. Ne2 a5 {[%cal Ba7a5,Ba5a4,Ba4a3][%mdl 32]} 17. Ng3 Bd7 18. Nd4 Bf8 19. Rxe8 Nxe8 20. f4 a4 21. Bf3 Nec7 22. Nde2 b5 23. h4 a3 24. b3 b4 25. h5 Re8 26. g5 c5 27. Ne4 Nb5 28. Rg1 Kh8 29. Kd1 Be6 30. N4g3 {[#] And now f5 would win.} Ne7 {[%cal Bd5e7,Be7f5,Bf5g3][%mdl 32]} 31. Re1 d5 32. Rf1 Rd8 33. Re1 Re8 34. Nf1 Nf5 35. Neg3 $2 {[%mdl 8192]} (35. Ne3 $11 {and White has nothing to worry.}) 35... Nxg3 $19 36. Nxg3 {[#]} Nd4 $1 {[%cal Rd4f3]} 37. Bxd5 Bg4+ 38. Kc1 Rxe1+ 39. Bxe1 Bd6 40. gxh6 $2 (40. Bd2 hxg5 41. Bxf7) 40... Bxf4+ 41. Kb1 Bd1 42. hxg7+ Kxg7 (42... Kh7 $142 43. c3 bxc3 44. Bxc3 Bc2+ 45. Ka1 Bxg3 46. b4 Bxd3 47. Bxf7 Kxg7 48. Bg6 Bxg6 49. hxg6 Bd6 50. Kb1 Kxg6 51. Ba1 Kf5 52. bxc5 Bxc5 53. Kc1 Ke4 54. Kd2 Bb4+ 55. Kd1 Bd6 56. Bc3 Kd3 57. Bxd4 Kxd4 58. Kd2 Be7 59. Kd1 Bd6 60. Kc2 Bc5 61. Kc1 Bb4 62. Kc2 Be7 63. Kb1 Kd3 64. Ka1 Bh4 65. Kb1 Bg5 66. Ka1 Bh4 67. Kb1 Bg5 68. Ka1 Be3 69. Kb1 Bf4 70. Ka1 Be3 71. Kb1 Bg5) 43. h6+ Kh8 {Accuracy: White = 47%, Black = 74%.} 0-1

[Event "Yingmei CHN-chT 2018"]
[Site "Guangdong"]
[Date "2018.11.30"]
[Round "22"]
[White "Wang, Yue"]
[Black "Gao, Rui"]
[Result "1-0"]
[WhiteElo "2681"]
[BlackElo "2546"]
[Annotator "TA"]
[PlyCount "103"]
[EventDate "2018.07.09"]
[EventType "team-tourn"]
[EventCountry "CHN"]
[SourceTitle "playchess.com"]
[Source "ChessBase"]
[SourceQuality "1"]

{[%evp 25,103,0,81,81,79,82,70,77,73,73,106,106,108,91,93,94,126,118,123,123,135,118,137,128,156,150,150,150,162,155,151,118,114,118,124,113,145,148,148,118,118,108,116,105,147,139,209,216,231,229,254,252,297,248,409,299,413,433,422,401,551,550,29970,647,606,433,1966,2067,2038,1840,2727,2387,29979,29980,6265,9867,29991,29992,29992,29993]} 1. Nf3 d5 2. d4 Nf6 3. c4 c6 4. Qb3 dxc4 5. Qxc4 Bf5 6. g3 Nbd7 7. Bg2 e6 {[%cal Be7e6,Be6e5][%mdl 32]} 8. O-O Be7 9. e3 O-O {D23: Queen's Gambit Accepted: 3 Nf3 Nf6 sidelines} 10. Rd1 Qc7 11. Nc3 e5 12. h3 Rad8 13. Qe2 Ne4 {LiveBook: 3 Games} (13... exd4 $11 14. Nxd4 Bg6) 14. Nxe4 $16 Bxe4 15. Nxe5 Bxg2 16. Nxd7 $1 Rxd7 17. Kxg2 {[#]} c5 $146 18. b3 cxd4 19. exd4 Bf6 20. Be3 Re8 21. Rac1 Qa5 22. Rc5 Qd8 {[%cal Rd7d4]} 23. Qf3 b6 24. Rc2 Rd5 25. Rdc1 Rd7 26. d5 Qa8 27. Rd1 Red8 28. Rcd2 Be5 29. h4 Qc8 30. Bg5 Re8 31. Re2 f6 32. Bc1 Red8 33. Be3 Qb7 34. Red2 Rf8 35. h5 f5 (35... h6 $16 36. Rc1 Kh8) 36. Re2 $18 Qc7 37. Bc1 {[%cal Be3c1,Bc1b2,Bb2g7,Bg7f6][%mdl 32]} f4 {intending ...fxg3.} 38. g4 Bd6 39. Bb2 Qd8 $2 (39... h6 {was necessary.} 40. Bd4 Re7) 40. Re6 Qg5 {[#]} 41. h6 $1 {[%mdl 512]} g6 (41... gxh6 42. Rh1) 42. Bg7 Rc8 43. Rde1 Qh4 44. Rh1 (44. Re8+ $142 Kf7 45. Rxc8 Rd8 {[#]} 46. Qe2 $1 {[%mdl 512]} Qh2+ {[%mdl 64] Decoy} 47. Kxh2 f3+ 48. Kg1 fxe2 49. Rxd8) 44... Qd8 45. Qe4 Bf8 (45... f3+ $142 46. Qxf3 (46. Kxf3 Rf7+ 47. Kg2 Rf4 $16) 46... Rf7) 46. Bf6 Qc7 47. Rc6 f3+ 48. Kh3 Rf7 49. Rxc7 Rcxc7 50. g5 {[%cal Bg4g5,Bg5h6][%mdl 32]} Bxh6 51. d6 Rcd7 52. gxh6 {Accuracy: White = 82%, Black = 34%.} 1-0

[Event "Yingmei CHN-chT 2018"]
[Site "Guangdong"]
[Date "2018.11.30"]
[Round "22"]
[White "Gunina, Valentina"]
[Black "Zhai, Mo"]
[Result "1-0"]
[WhiteElo "2561"]
[BlackElo "2304"]
[Annotator "TA"]
[PlyCount "110"]
[EventDate "2018.07.09"]
[EventType "team-tourn"]
[EventCountry "CHN"]
[SourceTitle "playchess.com"]
[Source "ChessBase"]
[SourceQuality "1"]

{[%evp 15,110,8,27,10,25,20,37,28,37,29,30,33,29,26,30,20,45,36,38,35,62,51,58,31,72,58,69,45,54,29,39,41,38,37,65,61,66,65,81,85,96,90,150,122,117,127,245,252,281,282,287,239,267,262,247,236,252,250,405,402,412,389,406,382,362,368,528,520,712,696,1639,1589,12493,6660,29965,29966,29966,29967,29967,29966,29969,29969,29974,29975,29975,29971,29976,29975,29979,29980,29980,29980,29980,29981,29981,29979,29979]} 1. e4 c6 2. d4 d5 3. Nc3 dxe4 4. Nxe4 Nf6 5. Nxf6+ exf6 6. Bc4 Bd6 7. Qe2+ Qe7 8. Qxe7+ Kxe7 {LiveBook: 38 Games} 9. Bd2 {B15: Caro-Kann: 3 Nc3: 3...g6 and 3...dxe4 4 Nxe4 Nf6 5 Nxf6+ exf6} (9. Ne2 Be6 10. Bd3 a5 11. Bf4 Nd7 12. O-O-O Nb6 13. Rhe1 Rhe8 14. Bxd6+ Kxd6 15. b3 a4 16. c4 Kc7 17. Kb2 axb3 18. axb3 {1-0 (61) Kokarev,D (2595)-Oparin,G (2612) Cheliabinsk 2018}) 9... Rd8 $146 ({Predecessor:} 9... Be6 10. Bd3 c5 11. Nf3 Nc6 12. dxc5 Bxc5 13. O-O Rad8 14. Rfe1 Rhe8 15. a3 Kf8 16. Rad1 Bg4 17. Rxe8+ Rxe8 {1-0 (62) Staggat,R (2000)-Cripps,C (2028) ICCF email 2008}) 10. O-O-O {[%cal Be1c1,Bc1b1,Bb1c2][%mdl 32]} Kf8 11. Ne2 {White is slightly better.} Nd7 12. Bd3 Kg8 13. Rhe1 Nf8 14. h4 Be6 15. Kb1 Bc7 16. f3 Rd7 17. c3 a6 18. Kc2 Rad8 19. Bc1 Bb6 (19... Bxa2 $6 20. b3 $16) 20. b3 c5 {[%cal Rc5d4]} 21. dxc5 Bxc5 22. Be4 Bf2 23. Rxd7 Rxd7 24. Rd1 b6 25. h5 Rxd1 26. Kxd1 Nd7 27. Nf4 Nc5 28. Bc2 ({Don't play} 28. Nxe6 $6 Nxe4 29. fxe4 fxe6 $11) 28... h6 (28... f5 $142) 29. Ke2 Bg3 30. Be3 Kf8 (30... b5 $16 {was worth a try.}) 31. Nxe6+ $18 fxe6 {[%mdl 4096] Endgame KBB-KBN} 32. b4 Nd7 {[#]} 33. Bd3 $1 b5 34. c4 bxc4 35. Bxc4 {[%mdl 64] Double Attack} Bd6 36. a3 ({Much less strong is} 36. Bxe6 $6 Ke7 $16) 36... Nb8 $2 {[#]} (36... Ke7 {was called for.} 37. Bd4 (37. Bxa6 f5 $18) 37... Nb8) 37. Bxe6 Nc6 38. Bd5 Ne5 39. Kd2 Ke7 40. Kc3 Kd7 (40... Nd7 $142 41. Bc4 Nb8) 41. Bb7 a5 42. bxa5 Bxa3 43. a6 Kc7 44. Be4 Nc6 45. a7 {White mates.} Nxa7 46. Bxa7 Kd6 47. Kc4 Ke6 48. g4 Kf7 49. Bc5 Bc1 50. Bd5+ Ke8 51. Kd4 f5 52. Ke5 fxg4 53. Ke6 Bg5 54. fxg4 Bf6 55. Bc6+ Kd8 {Accuracy: White = 81%, Black = 28%.} 1-0

[Event "Yingmei CHN-chT 2018"]
[Site "Guangdong"]
[Date "2018.11.30"]
[Round "22"]
[White "Liu, Qingnan"]
[Black "Xu, Yi"]
[Result "1/2-1/2"]
[WhiteElo "2534"]
[BlackElo "2536"]
[Annotator "TA"]
[PlyCount "75"]
[EventDate "2018.07.09"]
[EventType "team-tourn"]
[EventCountry "CHN"]
[SourceTitle "playchess.com"]
[Source "ChessBase"]
[SourceQuality "1"]

{[%evp 20,75,-8,0,21,14,24,0,0,0,10,11,8,8,8,8,8,8,8,8,8,0,0,0,0,0,0,0,0,0,0,0,0,0,0,0,0,0,0,0,0,0,0,0,0,0,0,0,0,0,0,0,0,0,0,0,0,0]} 1. e4 d6 2. d4 Nf6 3. Nc3 g6 4. g3 Bg7 5. Bg2 O-O 6. Nge2 e5 7. h3 Nc6 8. Be3 exd4 9. Nxd4 Re8 10. Nxc6 bxc6 11. O-O Rb8 {B07: Pirc Defence: Miscellaneous Systems} 12. b3 c5 13. Qd2 Bb7 {[%cal Rf6e4] The position is equal.} 14. Bg5 h6 $146 ({Predecessor:} 14... Qd7 15. Rfe1 Nxe4 16. Bxe4 Bxc3 17. Qxc3 Bxe4 {1-0 (50) Czebe,A (2468)-Sean,W (2398) Budapest 2017}) 15. Bxh6 Nxe4 16. Bxe4 Bxh6 17. Qxh6 Bxe4 18. Nxe4 Rxe4 19. Rae1 Qe7 $132 {[%mdl 2048] Black puts up resistance} 20. Qd2 Re8 {[%cal Re4e1]} 21. Rxe4 Qxe4 $11 {[%mdl 4096] Endgame KQR-KQR} 22. c4 Kg7 23. Qa5 Rh8 24. Re1 Qf3 25. h4 g5 26. Qd2 gxh4 27. Qg5+ {[%mdl 64] [#] Double Attack} Kf8 $1 28. gxh4 Qh5 29. Qe7+ Kg7 30. Re3 {Threatens to win with Rg3+.} Rh6 31. Rg3+ Rg6 32. Qxc7 Rxg3+ 33. fxg3 {KQ-KQ} Qd1+ 34. Kg2 Qe2+ 35. Kh3 Qe6+ 36. Kh2 Qe2+ 37. Kh3 Qe6+ 38. Kh2 {Accuracy: White = 73%, Black = 90%.} 1/2-1/2

[Event "Yingmei CHN-chT 2018"]
[Site "Guangdong"]
[Date "2018.11.30"]
[Round "22"]
[White "Xu, Yinglun"]
[Black "Lu, Shanglei"]
[Result "1/2-1/2"]
[WhiteElo "2533"]
[BlackElo "2635"]
[Annotator "TA"]
[PlyCount "61"]
[EventDate "2018.07.09"]
[EventType "team-tourn"]
[EventCountry "CHN"]
[SourceTitle "playchess.com"]
[Source "ChessBase"]
[SourceQuality "1"]

{[%evp 28,61,14,10,16,10,9,9,9,12,9,8,8,9,9,9,11,0,0,0,0,0,0,0,0,0,0,0,4,0,4,0,0,0,0,0]} 1. d4 e6 2. c4 Nf6 3. Nf3 d5 4. g3 dxc4 5. Bg2 c5 6. O-O Nc6 7. dxc5 Qxd1 8. Rxd1 Bxc5 9. Nbd2 {[%cal Bb1d2,Bd2b3,Bb3c5][%mdl 32]} c3 10. bxc3 O-O 11. Nb3 Be7 12. Nfd4 Bd7 13. Bg5 {E04: Open Catalan: 5 Nf3} Rfd8 14. Bxf6 (14. Nxc6 Bxc6 15. Bxc6 bxc6 16. Na5 Rac8 17. Rxd8+ Bxd8 18. Nb7 h6 19. Nd6 Rb8 20. Be3 Bb6 {½-½ (78) Giri,A (2785)-So,W (2815) chess.com INT 2017}) 14... Bxf6 15. Nc5 {LiveBook: 6 Games. The position is equal.} Na5 16. Ndb3 Nxb3 17. axb3 Bxc3 18. Bxb7 Bxa1 19. Bxa8 Rxa8 20. Rxd7 $11 {[%mdl 4096] Endgame KRB-KRN} a5 21. Kg2 h6 22. Kf3 Bc3 23. Rc7 Bb4 $146 ({Predecessor:} 23... Be5 24. Rb7 Bd6 25. Nd3 a4 26. bxa4 {½-½ (26) Felkel,S (2337)-Hinz,J (2209) GER email 2008}) 24. h4 Bxc5 25. Rxc5 {KR-KR} Rb8 26. Rxa5 Rxb3+ 27. e3 g6 28. Ra4 Kg7 29. Ra5 h5 30. Ra7 Rb2 31. Rc7 {Accuracy: White = 68%, Black = 95%.} 1/2-1/2

[Event "Yingmei CHN-chT 2018"]
[Site "Guangdong"]
[Date "2018.11.30"]
[Round "22"]
[White "Ning, Kaiyu"]
[Black "Wang, Yu A."]
[Result "1/2-1/2"]
[WhiteElo "2513"]
[BlackElo "2379"]
[Annotator "TA"]
[PlyCount "62"]
[EventDate "2018.07.09"]
[EventType "team-tourn"]
[EventCountry "CHN"]
[SourceTitle "playchess.com"]
[Source "ChessBase"]
[SourceQuality "1"]

{[%evp 26,62,34,7,40,45,59,38,63,6,18,0,21,15,16,24,18,-37,-47,-99,-98,-152,-133,-134,-115,-131,-134,-128,-128,-134,-120,-129,-130,-202,-125,-131,0,-193,0]} 1. d4 d6 2. Nf3 Nf6 3. c4 g6 4. g3 Bg7 5. Bg2 O-O 6. O-O Nbd7 7. Qc2 e5 8. Rd1 Qe7 9. Nc3 c6 10. e4 Re8 11. h3 a5 12. Be3 exd4 13. Nxd4 Nc5 14. f3 Bd7 {E68: King's Indian: Fianchetto: 6...Nbd7 7 0-0 e5 8 e4} (14... d5 $5) 15. Bf2 h5 {[#]} 16. Rd2 $146 ({Predecessor:} 16. Re1 Rad8 17. Nb3 b6 18. Rad1 Bc8 19. Nd4 Qc7 20. a3 Nfd7 21. f4 Bb7 {1-0 (67) Paunovic,D (2556)-Roiz Baztan,D (2265) Lugo 2009}) 16... Rac8 {White is slightly better.} 17. a4 ({White should try} 17. Re1 $14) 17... Rcd8 $11 18. Re1 Bh6 19. Rdd1 Nh7 20. Kh2 h4 21. gxh4 (21. g4 $11) 21... Nf6 22. Bg3 (22. Kg1 $15) 22... Nh5 $36 {[%mdl 2048] Black is on the roll.} 23. Qf2 (23. Bf2 $142) 23... Nxg3 24. Qxg3 Qe5 25. Nde2 Qxg3+ 26. Nxg3 Be6 27. Bf1 Bf4 {[%mdl 1024] Black has strong compensation.} 28. Kg2 Be5 29. Ra1 (29. h5 $17 {keeps fighting.}) 29... Nb3 30. Rad1 Nc5 (30... Kh7 $17 31. Be2 Rg8) 31. Ra1 $1 $19 Nb3 $2 {Accuracy: White = 38%, Black = 45%.} ({Better is} 31... f5 $19 32. Rad1 f4) 1/2-1/2

[Event "Yingmei CHN-chT 2018"]
[Site "Guangdong"]
[Date "2018.11.30"]
[Round "22"]
[White "Li, Shilong"]
[Black "Lan, Zilun"]
[Result "1-0"]
[WhiteElo "2490"]
[BlackElo "2346"]
[Annotator "TA"]
[PlyCount "91"]
[EventDate "2018.07.09"]
[EventType "team-tourn"]
[EventCountry "CHN"]
[SourceTitle "playchess.com"]
[Source "ChessBase"]
[SourceQuality "1"]

{[%evp 14,91,47,30,66,62,60,33,62,47,60,42,70,71,76,71,62,60,70,47,48,39,44,45,51,54,76,68,99,64,72,68,80,61,68,50,35,33,53,45,77,68,99,57,61,0,66,47,66,57,62,53,73,67,101,106,108,106,83,53,189,88,127,62,192,178,195,194,635,642,633,606,804,791,29989,29990,29990,892,29990,29991]} 1. d4 Nf6 2. c4 e6 3. g3 Bb4+ 4. Bd2 Qe7 5. Bg2 Nc6 6. e3 O-O {E00: Catalan Bogo-Indian (3 g3 Bb4+)} 7. Ne2 Bxd2+ (7... d5 8. O-O dxc4 9. Qc2 Bd6 10. Qxc4 e5 11. d5 Nb8 12. Nbc3 a6 13. a4 Re8 14. e4 {0-1 (64) Socko,B (2593)-Wang,Y (2690) Riadh 2017}) 8. Nxd2 {LiveBook: 3 Games} d5 {White has an edge.} 9. O-O Rd8 10. Qb3 $146 ({Predecessor:} 10. Qc2 e5 11. dxe5 Nxe5 12. cxd5 Nxd5 13. a3 c6 14. Nd4 c5 15. N4f3 Nxf3+ 16. Nxf3 b6 17. Rad1 Bb7 18. Qf5 Nf6 19. Qe5 {½-½ (19) Wassin,S (2298)-Nizam,R (2180) Lyon 2015}) 10... Nb4 11. Rac1 c6 12. Nf4 Rb8 13. Rfd1 Bd7 14. a3 Na6 15. Nd3 Be8 16. Qa2 Nd7 17. b4 {[%cal Rc4d5]} Nc7 18. Qb2 f6 19. e4 dxc4 20. Nxc4 Nb6 21. Ne3 Bf7 22. Nc5 Nd7 23. Nb3 Nb6 24. h3 Na4 25. Qa1 Qf8 26. e5 Nd5 27. Nc4 Nab6 28. Nd6 Nc8 29. Nc4 Ncb6 $1 30. Nba5 Nxc4 31. Nxc4 Bh5 32. Re1 Nb6 33. Nd6 Nc8 34. Ne4 f5 35. Nc5 Qe7 36. Qa2 Kf7 ({Better is} 36... Bf7 $14) 37. Nd3 (37. b5 $1 $18 {and the rest is easy.}) 37... g5 {[#]} 38. Qb2 (38. b5 $1 $16 {[%cal Rb5c6]} cxb5 39. d5 exd5 40. Bxd5+ Kg6 41. g4 fxg4 42. hxg4 Bxg4 43. e6) 38... Qd7 ({Black should try} 38... Nb6 $14) 39. Nc5 $36 {[%mdl 2048] White is in control.} Qe7 40. b5 cxb5 $2 (40... Nb6 41. bxc6 bxc6 42. Bxc6 Na4) 41. d5 exd5 42. e6+ Kg8 {intending ...Nb6.} 43. Nd7 Rxd7 44. exd7 Qxd7 {[#]} 45. Bxd5+ (45. Rc7 $142 $1 {[%mdl 512]} d4 (45... Qxc7 46. Bxd5+) 46. Rxd7 Nb6 47. Rxd4 Bf7 48. Qxb5 Rf8 49. Qxf5 Bg6 50. Qxg5) 45... Bf7 {[#]} 46. Rc7 $1 {[%mdl 512] Accuracy: White = 65%, Black = 35%.} 1-0